|
|
|
|
| LEADER |
01844nam a2200457 i 4500 |
| 001 |
EBC3399495 |
| 003 |
MiAaPQ |
| 005 |
20200917021826.0 |
| 006 |
m o d | |
| 007 |
cr cnu|||||||| |
| 008 |
140419t20132013fr a ob 001 0 fre d |
| 020 |
|
|
|z 9782759220618
|
| 020 |
|
|
|z 9789290815341
|
| 020 |
|
|
|z 9782870161296
|
| 020 |
|
|
|a 9782759220625
|q (electronic bk.)
|
| 035 |
|
|
|a (MiAaPQ)EBC3399495
|
| 035 |
|
|
|a (Au-PeEL)EBL3399495
|
| 035 |
|
|
|a (CaPaEBR)ebr10856025
|
| 035 |
|
|
|a (OCoLC)923348640
|
| 040 |
|
|
|a MiAaPQ
|b eng
|e rda
|e pn
|c MiAaPQ
|d MiAaPQ
|
| 043 |
|
|
|a w------
|
| 050 |
|
4 |
|a SB191.S7
|b .L4 2013
|
| 082 |
0 |
|
|a 633.174
|2 23
|
| 245 |
0 |
3 |
|a Le sorgho /
|c Jacques Chantereau [and three others] ; avec la collaboration de Genevieve Fliedel.
|
| 264 |
|
1 |
|a Versailles, France :
|b Editions Qu,
|c 2013.
|
| 264 |
|
4 |
|c 2013
|
| 300 |
|
|
|a 1 online resource (267 pages) :
|b illustrations.
|
| 336 |
|
|
|a text
|2 rdacontent
|
| 337 |
|
|
|a computer
|2 rdamedia
|
| 338 |
|
|
|a online resource
|2 rdacarrier
|
| 490 |
0 |
|
|a Agricultures tropicales en poche,
|x 1778-6568
|
| 504 |
|
|
|a Includes bibliographical references and index.
|
| 588 |
|
|
|a Description based on online resource; title from PDF title page (ebrary, viewed April 19, 2014).
|
| 590 |
|
|
|a Electronic reproduction. Ann Arbor, MI : ProQuest, 2016. Available via World Wide Web. Access may be limited to ProQuest affiliated libraries.
|
| 650 |
|
0 |
|a Sorghum
|z Tropics.
|
| 655 |
|
4 |
|a Electronic books.
|
| 700 |
1 |
|
|a Chantereau, J.
|q (Jacques),
|e author.
|
| 700 |
1 |
|
|a Fliedel, Genevieve,
|e contributor.
|
| 776 |
0 |
8 |
|i Print version:
|t Sorgho.
|d Versailles, France : Editions Qu, c2013
|h 245 pages
|k Agricultures tropicales en poche
|z 9782759220618
|
| 797 |
2 |
|
|a ProQuest (Firm)
|
| 856 |
4 |
0 |
|u https://ebookcentral.proquest.com/lib/matrademy/detail.action?docID=3399495
|z Click to View
|